| 000 | 00774 a2200289 4500 | ||
|---|---|---|---|
| 001 | 25369 | ||
| 003 | TR-AnTOB | ||
| 005 | 20240628090144.0 | ||
| 008 | 110503s2002 tu b b 000 0 d | ||
| 035 | _a25369 | ||
| 040 |
_aCGU _cCGU _dOCLCQ _dTRTET |
||
| 041 | _atur | ||
| 043 | _aa-tu--- | ||
| 049 | _aMAIN | ||
| 050 |
_aDR432 _b.T87 2002 |
||
| 090 | _aDR432 .T87 2002 | ||
| 100 | 1 |
_aTurhan, Mümtaz, _d1908-1969 _920961 |
|
| 245 | 0 | _aKültür değişmeleri, sosyal psikoloji bakımından bir tetkik. | |
| 250 | _a4. baskı. | ||
| 264 | 1 |
_aİstanbul,: _bÇamlıca, _c2002. |
|
| 300 |
_a270 p. ; _c24cm.. |
||
| 504 | _aIncludes bibliographical references. | ||
| 651 | 0 |
_aTürkiye _xSosyal yaşam ve gelenekler _9113794 |
|
| 902 | _a0013735 | ||
| 942 |
_cBK _2lcc |
||
| 999 |
_c25369 _d24888 |
||